|
|
|
|
| LEADER |
00000nab a2200000 a 4500 |
| 001 |
vtls000019880 |
| 003 |
SK-MaSNL |
| 005 |
20260304071101.0 |
| 008 |
250422c1978 xo 0 slo |
| 015 |
|
|
|a SNBRB19rr/mm-uuuuu
|
| 035 |
|
|
|a CL0029974
|
| 035 |
|
|
|a urn:nbn:sk:snk-abiy
|
| 035 |
|
|
|a (urnnbn)urn:nbn:sk:snk:ar-a03ju9
|
| 035 |
|
|
|a (uuid)39443bab-0d71-4bb8-9832-c9808f34beff
|
| 040 |
|
|
|a SNKBUCL
|b slo
|c SNKBUCL
|e AACR2
|
| 041 |
0 |
|
|a slo
|
| 044 |
|
|
|a xo
|c SK
|
| 080 |
|
|
|a 576
|2 1981
|
| 080 |
|
|
|a 577
|2 1981
|
| 080 |
|
|
|a 616
|2 1981
|
| 080 |
|
|
|a 547
|2 1981
|
| 245 |
0 |
0 |
|a Kopurifikácia a niektoré vlastnosti polymerázy kyseliny ribonukleovej závislej od kyseliny deoxyribonukleovej a polynukleotidfosforylázy zo streptomyces aureofaciens ; Jozef Šimúth, Mária Karolová, Jana Fandáková, Ján Zelinka
|
| 300 |
|
|
|b Obr. 4. Tb. 1. Res. rus., angl., nem.
|
| 650 |
0 |
7 |
|a polymerázy
|2 snkbucl
|9 237482
|
| 650 |
0 |
7 |
|a polynukleotidfosforyláza
|2 snkbucl
|9 1357809
|
| 655 |
|
7 |
|a články z novín a časopisov
|2 snkbucl
|9 267496
|
| 700 |
1 |
|
|a Šimúth, Jozef,
|d 1936-
|4 aut
|9 198878
|
| 700 |
1 |
|
|a Karolová, Mária
|4 aut
|9 768049
|
| 700 |
1 |
|
|a Fandáková, Jana
|4 aut
|9 1339679
|
| 700 |
1 |
|
|a Zelinka, Ján,
|d 1922-2009
|4 aut
|9 198056
|
| 773 |
0 |
|
|t Bratislavské lekárske listy
|g Roč. zv. 70, č. 4 (1978), s. 529-536
|
| 850 |
|
|
|a Slovenská národná knižnica
|
| 852 |
|
|
|a Slovenská národná knižnica
|
| 954 |
|
|
|a odborná, vedecká literatúra pôvodná (slovenská)
|2 lita
|
| 958 |
|
|
|a article27
|
| 958 |
|
|
|a RK
|
| 958 |
|
|
|a OND
|
| 958 |
|
|
|a EUIPO
|
| 992 |
|
|
|a RBX
|
| 999 |
|
|
|c 2758853
|d 2760783
|